000 00788nam a2200205 a 4500
001 001123544
003 AM-YeHGA
005 20250617151939.0
008 160113s1977 ru r 000 0 rus d
040 _aAM-YeHGA
041 0 _arus
245 0 0 _aС.П. Королев :
_b(К 70-летию со дня рождения) : Сборник статей /
_c[Сост.Г.А. Скуридин].
260 _aМосква :
_bЗнание,
_c1977.
300 _a61 с.
440 0 _aНовое в жизни, науке, технике. Сер. "Космонавтика, астрономия"
_v№ 1, 1977 г.
600 1 4 _aКоролев, Сергей Павлович
650 1 4 _aКосмонавтика
700 1 _aСкуридин, Г.А.
_eсост.
_4com
090 _c362910
999 _c361069
_d361069